1950 1546 1447 1775 1581 1909 1997 1741 1308 1884 1465 1532 1674 1983 1649 1729 1103 1198 1586 1600 1302 1449 1422 1542 1897 1565 1503 1567 1172 1267 1520 1418 1270 1173 1591 1022 1283 1191 1661 1436 1159 1919 1097 1839 1035 1090 1101 1179 1126 1228 1127 1610 1723 1115 1534 1942 1552 1356 1346 1918 1300 1937 1517 1775 1469 1360 1254 1006 1771 1360 1672 1999 1161 1873 1549 1889 1799 1252 1942 1958 1028 1006 1287 1259 1133 1362 1921 1029 1715 1588 1692 1114 1302 1805 1392 1654 1080 1704 1673 BCNSPRNW ULIB Ver.6.0+V

เปลี่ยนเป็นภาษาไทย

Change to English
 แสดงรายละเอียดบรรณานุกรม
  กลับหน้าหลัก

Brief Record : Get Marc (ISO 2709) : E-mail record : QR code < ปิดหน้าต่าง
LEADER : 00000nam 2200000uu 4500
001    13399124269
003     ULIB
008    150216s2557th 000 0 tha d
020    ^a9789742944414
060 04 ^aWY105^bน578ก
100 0  ^aนิตยา ศรีญาณลักษณ์
245 10 ^aการบริหารการพยาบาล /^cนิตยา ศรีญาณลักษณ์, บรรณาธิการ
250    ^aพิมพ์ครั้งที่ 5
260    ^aนนทบุรี :^bโครงการสวัสดิการวิชาการ สถาบันพระบรมราชชนกกระทรวงสาธารณสุข,^c2557
300    ^a[13], 379 หน้า ;^c27 ซม.
650  7 ^aการพยาบาล^xการบริหาร
650  7 ^aการบริหารการพยาบาล
710 2  ^aสถาบันพระบรมราชชนก. ^bโครงการสวัสดิการวิชาการ
945    ^p240^l0^i039202
945    ^p240^l0^i039203
945    ^p240^l0^i039204
945    ^p240^l0^i039205
995    ^aทศพร
999    ^aทศพร
รายการนี้ยังไม่มีแท็ก
คุณยังไม่ได้ล็อกอิน คุณสามารถมีกิจกรรมร่วมกับเว็บไซต์ได้ แต่ต้องล็อกอินก่อน ::
  ล็อกอิน

รายการสื่อสารสนเทศ

ลำดับที่ ประเภท เลขเรียก/บาร์โค้ด สถานที่ สถานะ
1. Book การพยาบาล
Book การพยาบาล
สถานะ=หนังสือเก่า
WY105 น578ก ฉ.1 
  Barcode: 039202
ห้องสมุดวิทยาเขตสวรรค์ประชารักษ์
►ส่วนจัดเก็บหนังสือเก่า สปร
บนชั้น
  ขอยืม
2. Book การพยาบาล
Book การพยาบาล
WY105 น578ก ฉ.2 
  Barcode: 039203
ห้องสมุดวิทยาเขตสวรรค์ประชารักษ์
►หนังสือทั่วไป
บนชั้น
3. Book การพยาบาล
Book การพยาบาล
สถานะ=หนังสือเก่า
WY105 น578ก ฉ.3 
  Barcode: 039204
ห้องสมุดวิทยาเขตสวรรค์ประชารักษ์
►ส่วนจัดเก็บหนังสือเก่า สปร
บนชั้น
  ขอยืม
4. Book การพยาบาล
Book การพยาบาล
สถานะ=หนังสือเก่า
WY105 น578ก ฉ.4 
  Barcode: 039205
ห้องสมุดวิทยาเขตสวรรค์ประชารักษ์
►ส่วนจัดเก็บหนังสือเก่า สปร
บนชั้น
  ขอยืม

รายการใกล้เคียง
    ผู้แต่ง [นิตยา ศรีญาณลักษณ์]

    หัวเรื่อง [การบริหารการพยาบาล]

BibComment


ยังไม่เคยถูกคอมเมนท์

คอมเมนท์ทรัพยากรรายการนี้
  คอมเมนท์: การบริหารการพยาบ..


 Copyright 2026. Bcnsprnw @Library